عرض عادي
عرض مارك
- Miller, William,
مدخل إسم شخص
001 - رقم الضبط
- حقل الضبط: 45153
003 - معرف رقم الضبط
- حقل الضبط: OSt
005 - تاريخ ووقت أخر عملية
- حقل الضبط: 20140515124835.0
008 - عناصر بيانات ثابتة الطول
- حقل تحكم ثابت الطول: 140515|||a|||||| | ||| d
040 ## - مصدر الفهرسة
- هيئة الفهرسة الأصلية: OSt
- وكالة الكتابة: OSt
100 ## - مدخل -- أسم شخص
- إسم شخص: Miller, William,
- تواريخ مرتبطة بالاسم: 1955-
670 ## - بيانات المصدر موجوده
- الاستشهاد بالمصدر: Work cat.: (OSt)0: Miller, William, 1955-, Proactive selling :, c2012.
